Southville International School and Colleges
Your cart is empty.
  • Cart
  • Lists
    Public lists Eva Luna New books Lux_list list_1
    Your lists Log in to create your own lists
  • Log in to your account
  • Your cookies
  • Search history
Southville International School and Colleges
  • Advanced search
  • Recent comments
  • Most popular
  • Libraries

Log in to your account

Log in with GOOGLE


If you do not have an external account, but do have a local account, you can still log in:

  1. Home
  2. MARC view: Understanding the Filipino worker and organization /
Normal view MARC view ISBD view

Understanding the Filipino worker and organization / (Record no. 288641)

[ view plain ]
MARC details
000 -LEADER
fixed length control field 01366cam a2200373 i 4500
001 - CONTROL NUMBER
control field 18387697
003 - CONTROL NUMBER IDENTIFIER
control field PILC
005 - DATE AND TIME OF LATEST TRANSACTION
control field 20150908075638.0
008 - FIXED-LENGTH DATA ELEMENTS--GENERAL INFORMATION
fixed length control field 141126s2014 ph b 001 0 eng
010 ## - LIBRARY OF CONGRESS CONTROL NUMBER
LC control number 2014309761
020 ## - INTERNATIONAL STANDARD BOOK NUMBER
International Standard Book Number 9789715506991 (newsprint)
020 ## - INTERNATIONAL STANDARD BOOK NUMBER
International Standard Book Number 9789715506946 (paperback)
040 ## - CATALOGING SOURCE
Original cataloging agency DLC
Language of cataloging eng
Transcribing agency DLC
Description conventions rda
Modifying agency DLC
042 ## - AUTHENTICATION CODE
Authentication code lcode
-- pcc
043 ## - GEOGRAPHIC AREA CODE
Geographic area code a-ph---
050 00 - LIBRARY OF CONGRESS CALL NUMBER
Classification number HD 58.7
Item number .U529 2014
245 00 - TITLE STATEMENT
Title Understanding the Filipino worker and organization /
Statement of responsibility, etc editors, Ma. Regina M. Hechanova, Mendiola Teng-Calleja, Vanessa C. Villaluz.
260 ## - PUBLICATION, DISTRIBUTION, ETC. (IMPRINT)
Place of publication, distribution, etc Quezon City :
Name of publisher, distributor, etc Ateneo De Manila University,
Date of publication, distribution, etc 2014.
300 ## - PHYSICAL DESCRIPTION
Extent xiii, 337 pages ;
Dimensions 26 cm.
490 0# - SERIES STATEMENT
Series statement Psychology/management
500 ## - GENERAL NOTE
General note Includes bibliographical references and index.
546 ## - LANGUAGE NOTE
Language note In English.
650 #0 - SUBJECT ADDED ENTRY--TOPICAL TERM
Topical term or geographic name as entry element Organizational behavior
Geographic subdivision Philippines.
650 #0 - SUBJECT ADDED ENTRY--TOPICAL TERM
Topical term or geographic name as entry element Communication in organizations
Geographic subdivision Philippines.
650 #0 - SUBJECT ADDED ENTRY--TOPICAL TERM
Topical term or geographic name as entry element Interpersonal relations
Geographic subdivision Philippines.
650 #0 - SUBJECT ADDED ENTRY--TOPICAL TERM
Topical term or geographic name as entry element Corporate culture
Geographic subdivision Philippines.
700 1# - ADDED ENTRY--PERSONAL NAME
Personal name Hechanova, Ma. Regina M.
Relator term editor.
700 1# - ADDED ENTRY--PERSONAL NAME
Personal name Calleja, Mendiola Teng-
Relator term editor.
700 1# - ADDED ENTRY--PERSONAL NAME
Personal name Villaluz, Vanessa C.
Relator term editor.
710 2# - ADDED ENTRY--CORPORATE NAME
Corporate name or jurisdiction name as entry element Ateneo de Manila University Press,
Relator term publisher.
906 ## - LOCAL DATA ELEMENT F, LDF (RLIN)
a 7
b cbc
c origode
d 3
e ncip
f 20
g y-gencatlg
942 ## - ADDED ENTRY ELEMENTS (KOHA)
Source of classification or shelving scheme Library of Congress Classification
Koha item type Books
Holdings
Withdrawn status Lost status Source of classification or shelving scheme Damaged status Home library Current library Shelving location Date acquired Source of acquisition Sub Shelving location Total Checkouts Total Renewals Full call number Barcode Date last seen Date checked out Price effective from Koha item type
    Library of Congress Classification   College Library College Library Filipiniana Section 09/08/2015 Donation   1 9 HD 58.7 .U529 2014 C19964 07/23/2018 05/21/2018 09/08/2015 Books

Understanding the Filipino worker and organization /

APA

Hechanova M. R. M., Calleja M. T., Villaluz V. C. & Ateneo de Manila University Press. (2014). Understanding the Filipino worker and organization. Quezon City: Ateneo De Manila University.

Chicago

Hechanova Ma Regina M, Calleja Mendiola Teng, Villaluz Vanessa C and Ateneo de Manila University Press. 2014. Understanding the Filipino worker and organization. Quezon City: Ateneo De Manila University.

Harvard

Hechanova M. R. M., Calleja M. T., Villaluz V. C. and Ateneo de Manila University Press. (2014). Understanding the Filipino worker and organization. Quezon City: Ateneo De Manila University.

MLA

Hechanova Ma Regina M, Calleja Mendiola Teng, Villaluz Vanessa C and Ateneo de Manila University Press. Understanding the Filipino worker and organization. Quezon City: Ateneo De Manila University. 2014.

  • Place hold
  • Print
  • Cite
  • Add to your cart (remove)
  • Save record
    BIBTEX Dublin Core MARCXML MARC (non-Unicode/MARC-8) MARC (Unicode/UTF-8) MARC (Unicode/UTF-8, Standard) MODS (XML) RIS
  • More searches
    Search for this title in:
    Other Libraries (WorldCat) Other Databases (Google Scholar) Online Stores (Bookfinder.com) Open Library (openlibrary.org)

Exporting to Dublin Core...

SOUTHVILLE LIBRARY

Southville International School and Colleges Library

1281 Tropical Ave. Cor. Luxembourg St., BF Homes International, Las Pinas City

Tel. No. 8256374 / 252358 Loc. 117/146

Powered by Koha